[Event "Women's Speed Chess Q1"]
[Site "chess.com INT"]
[Date "2021.05.28"]
[Round "8"]
[White "Nomin-Erdene, Davaademberel"]
[Black "Girya, Olga"]
[Result "1-0"]
[WhiteTitle "IM"]
[BlackTitle "WGM"]
[WhiteElo "2382"]
[BlackElo "2451"]
[WhiteFideId "4900782"]
[BlackFideId "4195752"]
[EventDate "2021.05.28"]

1. f4 d5 2. Nf3 g6 3. g3 c6 4. Bg2 Bg7 5. d3 Nd7 6. c3 e5 7. fxe5 Nxe5 8. O-O
Ne7 9. Qe1 O-O 10. Nxe5 Bxe5 11. Qf2 Bg7 12. Na3 Be6 13. Nc2 Nf5 14. e4 dxe4 15.
dxe4 Nd6 16. Bf4 Nc4 17. Rad1 Qb6 18. b3 Qxf2+ 19. Rxf2 Ne5 20. Nd4 Rad8 21.
Rfd2 Bg4 22. Rf1 c5 23. Nb5 Rxd2 24. Bxd2 Be2 25. c4 Bxf1 26. Kxf1 Rd8 27. Ke2
Nc6 28. Nc3 Nd4+ 29. Ke1 Nc2+ 30. Ke2 Be5 31. Nd5 Kg7 32. Kd3 Nb4+ 33. Bxb4 cxb4
34. Bh3 b6 35. Ke3 Bc3 36. Kf3 h5 37. Bf1 Re8 38. Bd3 h4 39. a3 hxg3 40. hxg3
Rh8 41. axb4 Bd4 42. Kg2 f6 43. Be2 Re8 44. Bd3 Re5 45. g4 Re8 46. Be2 Kh6 47.
Bf3 Kg5 48. Kf1 Rh8 49. Kg2 Be5 50. c5 Rh2+ 51. Kf1 Rb2 52. c6 Rxb3 53. Be2 Rb1+
54. Kf2 Rc1 55. b5 Rc5 56. Ke3 Bb2 57. Kd3 Be5 58. Ke3 f5 59. gxf5 gxf5 60. Kd3
fxe4+ 61. Kxe4 Bg7 62. Bd3 1-0

[Event "Women's Speed Chess Q1"]
[Site "chess.com INT"]
[Date "2021.05.28"]
[Round "8"]
[White "Mohota, Nisha"]
[Black "Fernandez, Maria Florencia"]
[Result "0-1"]
[WhiteTitle "IM"]
[BlackTitle "WIM"]
[WhiteElo "2195"]
[BlackElo "2229"]
[WhiteFideId "5004330"]
[BlackFideId "116459"]
[EventDate "2021.05.28"]

1. b3 e5 2. Bb2 d6 3. c4 Nf6 4. e3 g6 5. g3 Bg7 6. Bg2 O-O 7. Ne2 Nc6 8. d4 Ne8
9. O-O f5 10. dxe5 Nxe5 11. Nbc3 Nf6 12. Qc2 Bd7 13. Bxb7 c6 14. Bxa8 Qxa8 15.
f4 Neg4 16. Nd1 Re8 17. Qd3 c5 18. h3 Nh6 19. Qxd6 Nf7 20. Qxc5 Bc6 21. Kh2 Ne4
22. Qa5 Rd8 23. Nd4 Bb7 24. Rc1 Bf8 25. Rc2 Bc5 26. Ne6 Bb6 27. Qe1 Re8 28. Nd4
Nc5 29. b4 Nd3 30. Qc3 Be4 31. Ba1 Kf8 32. c5 Bc7 33. Nb5 Re7 34. Qg7+ Ke8 35.
Qg8+ Kd7 36. Qxa8 Bxa8 37. Rd2 Be4 38. Nf2 Kc6 39. Nxc7 Rxc7 40. Nxd3 Kb5 41. a3
Nd8 42. Ne5 Ne6 43. Rfd1 Ka4 44. Rd7 Rc8 45. Rxa7+ Kb3 46. c6 Kc2 47. Rd6 g5 48.
Rxe6 gxf4 49. gxf4 Rd8 50. c7 Rd2+ 51. Kg3 Rg2+ 52. Kh4 Rg8 53. Ra5 h5 54. Rc5+
Kd2 55. c8=Q Rg2 56. Qd7+ Ke2 57. Rc2+ Kf1 0-1

[Event "Women's Speed Chess Q1"]
[Site "chess.com INT"]
[Date "2021.05.28"]
[Round "8"]
[White "Sedina, Elena"]
[Black "Makhija, Aashna"]
[Result "1-0"]
[WhiteTitle "IM"]
[BlackTitle "WIM"]
[WhiteElo "2291"]
[BlackElo "1969"]
[WhiteFideId "812153"]
[BlackFideId "25011944"]
[EventDate "2021.05.28"]

1. e4 e6 2. d4 d5 3. e5 c5 4. c3 Nc6 5. Nf3 Qb6 6. Be2 Nh6 7. Bd3 cxd4 8. cxd4
Bd7 9. Bc2 Nb4 10. Bxh6 Nxc2+ 11. Qxc2 gxh6 12. O-O Bg7 13. Nc3 O-O 14. Rfe1 f6
15. exf6 Rxf6 16. Ne5 Be8 17. Qd2 Bg6 18. Nd7 Qd8 19. Nxf6+ Qxf6 20. Rad1 Rf8
21. f3 Qf5 22. Qe3 Rf6 23. Nb5 Qc2 24. Rd2 Qa4 25. Nc3 Qd7 26. Ne2 Qf7 27. Nc1
h5 28. Nd3 Bf5 29. Ne5 Qe8 30. Qg5 h6 31. Qg3 Kh7 32. Rc1 Qe7 33. Qh4 Qb4 34.
Qf2 Rf8 35. a3 Qb3 36. Rc7 Qb6 37. Rxg7+ Kxg7 38. Nd7 Qb3 39. Qg3+ Kf7 40. Nxf8
Kxf8 41. Qe5 Qa2 42. Qf6+ Ke8 43. Qh8+ Kd7 44. Qxh6 Qb1+ 45. Kf2 Qc1 46. Qe3 Qh1
47. Qf4 Qc1 48. Qe3 Qh1 49. h3 Qb1 50. Qe1 Qa2 51. Qc1 Qb3 52. Kg1 Qb6 53. Kh2
Qd6+ 54. Kh1 Qf4 55. Qc3 Qg3 56. Qc1 Bxh3 57. gxh3 Qxh3+ 58. Kg1 Qg3+ 59. Rg2
Qxf3 60. Rg7+ Ke8 61. Qc8# 1-0

[Event "Women's Speed Chess Q1"]
[Site "chess.com INT"]
[Date "2021.05.28"]
[Round "8"]
[White "Martynkova, Olena"]
[Black "Eswaran, Ashritha"]
[Result "0-1"]
[WhiteTitle "WIM"]
[BlackTitle "WIM"]
[WhiteElo "2195"]
[BlackElo "2244"]
[WhiteFideId "14134039"]
[BlackFideId "2080788"]
[EventDate "2021.05.28"]

1. d4 Nf6 2. c4 e6 3. Nf3 d5 4. g3 b6 5. cxd5 exd5 6. Bg2 Be7 7. O-O O-O 8. Nc3
Bb7 9. Bf4 a6 10. Ne5 Nbd7 11. Qa4 b5 12. Qc2 Rc8 13. Qf5 g6 14. Qh3 Nxe5 15.
Bxe5 c5 16. dxc5 Bxc5 17. Rad1 Qb6 18. Nxd5 Nxd5 19. Bxd5 Rce8 20. Bxb7 Qxb7 21.
Rd7 Qc6 22. Bc3 b4 23. Bd4 Bxd4 24. Rxd4 Rxe2 25. Rxb4 Qf3 26. Qg2 Qd3 27. Qc6
Rc2 28. Qf6 Re8 29. Rb7 Qd5 30. Qxa6 Ree2 31. Rb8+ Kg7 32. Qa7 Rxb2 33. Rxb2
Rxb2 34. a4 Ra2 35. Rc1 Qd2 36. Qc5 Kg8 37. Qc8+ Kg7 38. Qc3+ Qxc3 39. Rxc3 Rxa4
40. Kg2 g5 41. h3 h5 42. Rc5 Kg6 43. Rc6+ f6 44. Rc8 Rb4 45. Rf8 Rb3 46. Rg8+
Kf5 47. Rh8 Kg6 48. Rg8+ Kh7 49. Rf8 Kg7 50. Ra8 f5 51. Ra5 Kf6 52. Ra6+ Ke5 53.
Rh6 f4 54. Rxh5 f3+ 55. Kh2 Rb2 56. Rxg5+ Ke4 57. g4 Rxf2+ 58. Kg1 Rg2+ 59. Kf1
Kf4 60. Rf5+ Kg3 61. g5 Rb2 62. Ke1 f2+ 63. Kf1 Rb1+ 64. Ke2 Re1+ 65. Kd2 f1=Q
66. Rxf1 Rxf1 67. Kd3 Rf5 68. g6 Rg5 0-1

[Event "Women's Speed Chess Q1"]
[Site "chess.com INT"]
[Date "2021.05.28"]
[Round "8"]
[White "Kazarian, Anna-Maja"]
[Black "Gu, Xiaobing"]
[Result "1-0"]
[WhiteTitle "FM"]
[BlackTitle "WGM"]
[WhiteElo "2096"]
[BlackElo "2263"]
[WhiteFideId "1033689"]
[BlackFideId "8602611"]
[EventDate "2021.05.28"]

1. e4 c5 2. Nf3 d6 3. d4 cxd4 4. Nxd4 Nf6 5. Nc3 a6 6. Be2 e5 7. Nb3 Be7 8. O-O
O-O 9. Kh1 Nc6 10. f4 b5 11. Bf3 Na5 12. f5 Nc4 13. a3 Bb7 14. g4 h6 15. g5 hxg5
16. Bxg5 Nh7 17. Bxe7 Qxe7 18. Rg1 Ng5 19. Bg2 Qf6 20. Qh5 Ne3 21. h4 Nh7 22.
Na5 Qe7 23. Bf3 Rac8 24. Nxb7 Qxb7 25. f6 Nxf6 26. Qg5 Neg4 27. Rxg4 Nxg4 28.
Qxg4 Qb6 29. Nd5 Qd8 30. Rg1 g6 31. h5 Kh8 32. hxg6 fxg6 33. Rg2 Rf7 34. Rh2+
Kg7 35. Qh3 Qh8 36. Qxh8+ Rxh8 37. Rxh8 Kxh8 38. Kg2 Kg7 39. Kg3 Kh6 40. Nb4 a5
41. Nd5 Rf8 42. c3 Kg5 43. Be2 Rh8 44. Bxb5 Rh1 45. b4 axb4 46. cxb4 Re1 47. Bd3
Ra1 48. a4 Rxa4 49. Kf3 Ra3 50. Ke3 Rb3 51. b5 Kh4 52. b6 g5 53. Kd2 g4 54. Kc2
g3 55. Kxb3 g2 56. b7 g1=Q 57. b8=Q Qd1+ 58. Bc2 Qf3+ 59. Nc3 Qe3 60. Qxd6 Kg3
61. Qxe5+ Kf2 62. Qf5+ Kg2 63. Qg4+ Kf2 64. Qf5+ Kg2 65. e5 Kh2 66. e6 Qb6+ 67.
Qb5 Qxe6+ 68. Nd5 Qh3+ 69. Bd3 Qf3 70. Qc4 Kg3 71. Kc3 Kg2 72. Qd4 Kg3 73. Qe5+
Kg2 74. Kd4 Qf2+ 75. Kc3 1-0

[Event "Women's Speed Chess Q1"]
[Site "chess.com INT"]
[Date "2021.05.28"]
[Round "8"]
[White "Perez Rodriguez, Jennifer"]
[Black "Tarini, Goyal"]
[Result "1/2-1/2"]
[WhiteTitle "WIM"]
[BlackTitle "WFM"]
[WhiteElo "2251"]
[BlackElo "2164"]
[WhiteFideId "3507831"]
[BlackFideId "5082749"]
[EventDate "2021.05.28"]

1. e4 c6 2. d4 d5 3. exd5 cxd5 4. c4 Nf6 5. Nc3 g6 6. cxd5 Bg7 7. Qb3 O-O 8. Bc4
Nbd7 9. Nge2 Nb6 10. O-O Bf5 11. Ng3 Rc8 12. Nxf5 Nxc4 13. Nxg7 Kxg7 14. Qxb7
Rb8 15. Qxa7 Nxb2 16. Bf4 Nxd5 17. Bxb8 Nxc3 18. Be5+ f6 19. Bg3 Ne2+ 20. Kh1
Nxd4 21. Rab1 Nc4 22. Rbd1 Nb5 23. Qc5 Nbd6 24. Rfe1 Re8 25. Bxd6 Nxd6 26. h3
Qd7 27. a4 Qxa4 28. Qc7 Kg8 29. Ra1 Qd4 30. Ra2 Kf7 31. Rae2 Nc8 32. Re4 Qd5 33.
Kg1 Qd8 34. Qc4+ Kg7 35. h4 Nd6 36. Qe6 Nxe4 37. Qxe4 e5 38. h5 Re7 39. Re3 Qd1+
40. Re1 Qxh5 41. Qb4 Rf7 42. Qd6 Qf5 43. Rc1 Qd7 44. Qb4 Qb7 45. Qd6 Qd7 46. Qb4
Qb7 47. Qd6 Rd7 48. Qe6 Rc7 49. Rd1 Re7 50. Qd6 Qc7 51. Qb4 e4 52. Re1 Qb7 53.
Qd4 Qc6 54. g4 Qd7 55. Qxd7 Rxd7 56. Rxe4 Kf7 57. Kg2 Rd3 58. Ra4 Rc3 59. Ra7+
Kg8 60. f3 Kh8 61. Kg3 Kg8 62. Kf4 Rc4+ 63. Kg3 Rd4 64. Rb7 Rc4 65. Rb6 Kf7 66.
Rb7+ Ke6 67. Rxh7 Rc6 68. Rh6 g5 69. Rh7 Kd6 70. Rf7 Ke6 71. Ra7 Rc3 72. Ra6+
Ke5 73. Kf2 Rd3 74. Ke2 Rb3 75. Ra5+ Ke6 76. Rc5 Ra3 77. Kf2 Kd6 78. Rb5 Ke6 79.
Rb6+ Ke5 80. Rb5+ Ke6 81. Rb4 Ke5 82. Re4+ Kd6 83. Rb4 Ke6 84. Rb6+ Ke5 85. Rb5+
Ke6 1/2-1/2

[Event "Women's Speed Chess Q1"]
[Site "chess.com INT"]
[Date "2021.05.28"]
[Round "8"]
[White "Swati, Mohota"]
[Black "Grigoryan, Meri"]
[Result "0-1"]
[WhiteTitle "WFM"]
[BlackTitle "WFM"]
[WhiteElo "2027"]
[BlackElo "2044"]
[WhiteFideId "5006511"]
[BlackFideId "13300571"]
[EventDate "2021.05.28"]

1. d4 d5 2. Nf3 Nf6 3. g3 c6 4. Bg2 Nbd7 5. O-O g6 6. Nbd2 Bg7 7. Re1 O-O 8. e4
dxe4 9. Nxe4 Nxe4 10. Rxe4 Nb6 11. c3 Bf5 12. Re1 Re8 13. Bf4 Nd5 14. Bg5 h6 15.
Bd2 Qb6 16. Qb3 Nf6 17. Ne5 Be6 18. Qc2 Bf5 19. Qb3 Be6 20. Qxb6 axb6 21. Nxg6
Bxa2 22. Nxe7+ Kf8 23. Nf5 Bd5 24. Rxa8 Rxa8 25. Nxg7 Kxg7 26. Bxd5 Nxd5 27. c4
Nf6 28. Bc3 Rd8 29. Re7 Rd7 30. Rxd7 Nxd7 31. d5+ Kg6 32. dxc6 bxc6 33. Bd4 b5
34. cxb5 cxb5 35. Kg2 Kf5 36. Kf3 Nb8 37. Ke3 Nc6 38. f3 h5 39. Bc5 Ne5 40. b3
Nd7 41. b4 Ke5 42. f4+ Kf5 43. Kd4 Kg4 44. Ke4 Kh3 45. Kf5 Kxh2 46. Kg5 Kxg3 47.
Kxh5 Kxf4 48. Bd6+ Ke4 49. Kg4 f5+ 50. Kg3 Ne5 51. Kf2 Nd3+ 52. Ke2 f4 53. Kf1
Kd4 54. Ke2 Kc4 55. Kf3 Kd5 56. Bf8 Ke5 57. Bg7+ Kf5 58. Bf8 Ne5+ 59. Kf2 Ke4
60. Bd6 Nd3+ 61. Ke2 f3+ 62. Kf1 Ke3 63. Be7 f2 64. Bg5+ Kf3 65. Be7 Nf4 66. Bc5
Nh3 67. Bd4 Ke4 68. Bc5 Kf3 69. Bd4 Nf4 70. Bc5 Nd3 71. Bd6 Ke4 72. Ke2 Kd4 73.
Bf8 Kc4 74. Be7 Nxb4 75. Kxf2 Nd3+ 76. Ke2 Nc5 77. Kd1 b4 78. Kc2 b3+ 79. Kb1
Na4 80. Ba3 Kc3 81. Bf8 Nb6 0-1

[Event "Women's Speed Chess Q1"]
[Site "chess.com INT"]
[Date "2021.05.28"]
[Round "8"]
[White "Harika, Dronavalli"]
[Black "Shuvalova, Polina"]
[Result "0-1"]
[WhiteTitle "GM"]
[BlackTitle "IM"]
[WhiteElo "2515"]
[BlackElo "2484"]
[WhiteFideId "5015197"]
[BlackFideId "24171760"]
[EventDate "2021.05.28"]

1. Nf3 Nf6 2. g3 e6 3. c4 d5 4. Bg2 Be7 5. O-O O-O 6. b3 a5 7. Nc3 c6 8. e3 b6
9. Bb2 Nbd7 10. Re1 Ba6 11. d3 b5 12. cxb5 cxb5 13. Nd4 Qb6 14. a4 b4 15. Ncb5
Rac8 16. Rc1 Rfd8 17. Qd2 Bf8 18. f4 Nc5 19. h3 Bxb5 20. axb5 a4 21. bxa4 Nxa4
22. Kh2 Bc5 23. Ba1 Nc3 24. Nc6 Re8 25. Bxc3 bxc3 26. Qxc3 Nd7 27. d4 Qxb5 28.
Ne5 Nxe5 29. fxe5 Bb4 30. Qxc8 Bxe1 31. Rc5 Qa4 32. Qc6 Qxc6 33. Rxc6 Bf2 34.
Rc3 Rb8 35. h4 g6 36. Kh3 h5 37. g4 hxg4+ 38. Kxg4 Rb2 39. Bf3 Kg7 40. h5 gxh5+
41. Kxh5 Rb1 42. e4 Bxd4 43. Rd3 dxe4 44. Bxe4 Rb4 45. Kg4 Bxe5 46. Kf3 f5 47.
Bc6 Kf6 48. Rd8 Rb3+ 49. Ke2 Rb2+ 50. Rd2 Rb6 51. Bf3 Bf4 52. Rc2 Rd6 53. Bg2 e5
54. Rc6 Rxc6 55. Bxc6 e4 56. Bd7 Ke5 57. Bc8 Bh6 58. Bd7 Bf8 59. Bc8 Bc5 60. Bd7
Bb6 61. Bc8 Ba7 62. Bd7 Bd4 63. Bc8 Bc5 64. Bd7 f4 65. Bg4 Kd4 66. Bh5 Be7 67.
Bg4 Bh4 68. Bh5 Bg3 69. Bg4 Ke5 70. Bh5 Bh4 71. Bg4 Be7 72. Bh5 Bc5 73. Bg4 Kf6
74. Bh3 f3+ 75. Kf1 Ke5 76. Bg4 Kf4 77. Bd7 Ke3 78. Bc6 Kf4 79. Bb7 e3 80. Ba6
Ke5 81. Ke1 Kd4 82. Kd1 Bb4 83. Bb5 Kc5 84. Ba6 Kd4 85. Bb5 Ke5 86. Ba6 Kf4 87.
Bc4 Kg3 88. Bd3 Kf2 89. Bc4 e2+ 90. Bxe2 fxe2+ 0-1

[Event "Women's Speed Chess Q1"]
[Site "chess.com INT"]
[Date "2021.05.28"]
[Round "9"]
[White "Zhou, Qiyu"]
[Black "Perez Rodriguez, Jennifer"]
[Result "0-1"]
[WhiteTitle "FM"]
[BlackTitle "WIM"]
[WhiteElo "2229"]
[BlackElo "2251"]
[WhiteFideId "505161"]
[BlackFideId "3507831"]
[EventDate "2021.05.28"]

1. e4 e5 2. Nf3 Nc6 3. Bb5 f5 4. Nc3 fxe4 5. Nxe4 Nf6 6. Qe2 d5 7. Nxf6+ gxf6 8.
d3 Bg7 9. Bd2 O-O 10. O-O-O Bg4 11. h3 Nd4 12. Qe3 Bxf3 13. gxf3 Nxb5 14. Rhg1
Nd4 15. Qh6 Ne2+ 16. Kb1 Nxg1 17. Rxg1 Rf7 0-1

[Event "Women's Speed Chess Q1"]
[Site "chess.com INT"]
[Date "2021.05.28"]
[Round "9"]
[White "Girya, Olga"]
[Black "Li, Xueyi"]
[Result "1-0"]
[WhiteTitle "WGM"]
[BlackTitle "WGM"]
[WhiteElo "2451"]
[BlackElo "2328"]
[WhiteFideId "4195752"]
[BlackFideId "8605912"]
[EventDate "2021.05.28"]

1. d4 d5 2. Nf3 Nf6 3. c4 c6 4. e3 e6 5. Nbd2 Ne4 6. Bd3 f5 7. O-O Bd6 8. b3 Nd7
9. Bb2 Qf6 10. Qe2 O-O 11. Ne1 e5 12. dxe5 Nxe5 13. f4 1-0

[Event "Women's Speed Chess Q1"]
[Site "chess.com INT"]
[Date "2021.05.28"]
[Round "9"]
[White "Starosta, Martyna"]
[Black "Ramirez, Maria Eugenia"]
[Result "0-1"]
[WhiteTitle "WCM"]
[BlackTitle "WFM"]
[WhiteElo "1910"]
[BlackElo "2057"]
[WhiteFideId "21818754"]
[BlackFideId "3301680"]
[EventDate "2021.05.28"]

1. e4 e5 2. Nf3 Nc6 3. Bb5 Nd4 4. Nxd4 exd4 5. O-O h5 6. f4 Bc5 7. d3 c6 8. Bc4
d5 9. exd5 cxd5 10. Re1+ Ne7 11. Bb5+ Kf8 12. Nd2 Bg4 13. Nf3 Bxf3 14. Qxf3 Qa5
15. Re5 Qxb5 16. Rxh5 Rxh5 17. Qxh5 Kg8 18. f5 Qc6 19. Bg5 Nxf5 20. Rf1 Qg6 21.
Qg4 Ne3 0-1

[Event "Women's Speed Chess Q1"]
[Site "chess.com INT"]
[Date "2021.05.28"]
[Round "9"]
[White "Szente Varga, Fruzsina"]
[Black "Hoshino, Karen"]
[Result "1-0"]
[WhiteTitle "WFM"]
[BlackTitle "WFM"]
[WhiteElo "2100"]
[BlackElo "1836"]
[WhiteFideId "712264"]
[BlackFideId "2137984"]
[EventDate "2021.05.28"]

1. e4 c5 2. Nf3 d6 3. d4 cxd4 4. Qxd4 Nc6 5. Bb5 Bd7 6. Qd3 Nf6 7. c4 a6 8. Bxc6
Bxc6 9. Nc3 e6 10. O-O Be7 11. h3 O-O 12. Be3 Qc7 13. b4 Rac8 14. b5 axb5 15.
cxb5 Bd7 16. Rfc1 Qa5 17. a4 e5 18. Nd5 Nxd5 19. Qxd5 b6 20. Qb7 Rxc1+ 21. Rxc1
Bxb5 22. axb5 Bd8 23. Qc6 Qb4 24. Bxb6 Bxb6 25. Qxb6 Qxe4 26. Qxd6 f5 27. Rc7
Qb1+ 28. Kh2 Qxb5 29. Qe6+ Kh8 30. Nxe5 h6 31. Ng6+ 1-0

[Event "Women's Speed Chess Q1"]
[Site "chess.com INT"]
[Date "2021.05.28"]
[Round "9"]
[White "Nguyen, Hong Anh"]
[Black "Linares Napoles, Oleiny"]
[Result "0-1"]
[WhiteTitle "WIM"]
[BlackTitle "WGM"]
[WhiteElo "1993"]
[BlackElo "2255"]
[WhiteFideId "12406732"]
[BlackFideId "3504794"]
[EventDate "2021.05.28"]

1. d4 Nf6 2. c4 g6 3. Nf3 Bg7 4. g3 O-O 5. Bg2 d6 6. O-O Nbd7 7. Nc3 e5 8. e4
exd4 9. Nxd4 Re8 10. h3 a6 11. Be3 Rb8 12. Qc2 Ne5 13. b3 c5 14. Nde2 b5 15.
cxb5 axb5 16. Rfd1 b4 17. Na4 Qe7 18. Rac1 Ba6 19. Nf4 Bb5 20. Nb2 Ra8 21. Qb1
Ra6 22. Nc4 Nxc4 23. bxc4 Bc6 24. Nd5 Nxd5 25. exd5 Bd7 26. Bf4 Bf5 27. Qb3 Ra3 0-1

[Event "Women's Speed Chess Q1"]
[Site "chess.com INT"]
[Date "2021.05.28"]
[Round "9"]
[White "Buksa, Nataliya"]
[Black "Mamedjarova, Turkan"]
[Result "1-0"]
[WhiteTitle "IM"]
[BlackTitle "WGM"]
[WhiteElo "2414"]
[BlackElo "2309"]
[WhiteFideId "14123622"]
[BlackFideId "13402005"]
[EventDate "2021.05.28"]

1. e4 e5 2. Nf3 Nc6 3. Bc4 Bc5 4. c3 Nf6 5. d4 exd4 6. e5 d5 7. Bb5 Ne4 8. cxd4
Bb4+ 9. Bd2 Bxd2+ 10. Nbxd2 Nxd2 11. Qxd2 O-O 12. Bxc6 bxc6 13. O-O Bg4 14. Qf4
Bxf3 15. Qxf3 Rb8 16. b3 Qe7 17. Rfe1 Rfe8 18. Rac1 Rb6 19. Rc5 Qd7 20. Qd3 f6
21. f4 fxe5 22. fxe5 Qe6 23. Rf1 h6 24. Qc2 Qg4 25. Qf2 Qe6 26. h3 Rb5 27. Rc3
Rbb8 28. Rfc1 Rf8 29. Qe3 Rb6 30. Qe2 Qg6 31. e6 Rf4 32. Re3 Re4 33. e7 Rb8 34.
Rxe4 dxe4 35. Qc4+ Kh7 36. Qxc6 Qf5 37. e8=Q Rxe8 38. Qxe8 Qf4 39. Re1 1-0

[Event "Women's Speed Chess Q1"]
[Site "chess.com INT"]
[Date "2021.05.28"]
[Round "9"]
[White "Singgih, Diajeng Theresa"]
[Black "Mohota, Nisha"]
[Result "0-1"]
[WhiteTitle "WFM"]
[BlackTitle "IM"]
[WhiteElo "1972"]
[BlackElo "2195"]
[WhiteFideId "7104391"]
[BlackFideId "5004330"]
[EventDate "2021.05.28"]

1. e4 Nf6 2. e5 Nd5 3. d4 d6 4. c4 Nb6 5. exd6 cxd6 6. g3 g6 7. Bg2 Bg7 8. Ne2
O-O 9. b3 d5 10. c5 N6d7 11. Nbc3 e6 12. O-O Nc6 13. Be3 b6 14. Rc1 Ba6 15. Re1
Rc8 16. a3 bxc5 17. dxc5 Nce5 18. b4 Nd3 19. b5 Nxc1 20. Qxc1 Nxc5 21. bxa6 Nd3
22. Qd2 Nxe1 23. Qxe1 Qa5 24. Bxa7 Bxc3 25. Nxc3 Qxc3 26. Qxc3 Rxc3 27. Bf1 Ra8
28. Bd4 Rxa3 0-1

[Event "Women's Speed Chess Q1"]
[Site "chess.com INT"]
[Date "2021.05.28"]
[Round "9"]
[White "Fernandez, Maria Florencia"]
[Black "Nguyen, Thi Mai Hung"]
[Result "0-1"]
[WhiteTitle "WIM"]
[BlackTitle "WGM"]
[WhiteElo "2229"]
[BlackElo "2254"]
[WhiteFideId "116459"]
[BlackFideId "12401676"]
[EventDate "2021.05.28"]

1. d4 d5 2. c4 c6 3. Nc3 Nf6 4. Nf3 e6 5. Bf4 dxc4 6. e4 b5 7. e5 Nd5 8. Bg3 Bb4
9. Qc2 Qa5 10. Rc1 Qxa2 11. Be2 Nxc3 12. bxc3 Qxc2 13. Rxc2 Be7 14. O-O Nd7 15.
Nd2 O-O 16. Ra1 a6 17. Rca2 Bb7 18. Bf3 Nb6 19. Ne4 Nd5 20. Bd1 Rfc8 21. f4 c5
22. Nxc5 Bxc5 23. dxc5 Nxc3 24. Rd2 Ne4 25. Bf3 Nxc5 26. Bxb7 Nxb7 27. Bf2 c3
28. Rd7 c2 29. Be3 Nc5 0-1

[Event "Women's Speed Chess Q1"]
[Site "chess.com INT"]
[Date "2021.05.28"]
[Round "9"]
[White "February, Jesse Nikki"]
[Black "Mendoza, Beverly"]
[Result "1-0"]
[WhiteTitle "WIM"]
[BlackTitle "WIM"]
[WhiteElo "1824"]
[BlackElo "1945"]
[WhiteFideId "14312336"]
[BlackFideId "5201250"]
[EventDate "2021.05.28"]

1. e4 e6 2. Nf3 d5 3. Nc3 Nf6 4. e5 Nfd7 5. d4 c5 6. dxc5 Bxc5 7. Bf4 Nc6 8. Bd3
f6 9. O-O fxe5 10. Nxe5 Ndxe5 11. Bxe5 Nxe5 12. Qh5+ Nf7 13. Kh1 Qg5 14. Qe2 O-O
15. f4 Qh4 16. g3 Qh3 17. f5 Nh6 18. Rf4 g5 19. fxg6 e5 20. gxh7+ Kg7 21. Qxe5+
Rf6 22. Qxf6# 1-0

[Event "Women's Speed Chess Q1"]
[Site "chess.com INT"]
[Date "2021.05.28"]
[Round "9"]
[White "Franco Valencia, Angela"]
[Black "Soumya, Swaminathan"]
[Result "1-0"]
[WhiteTitle "WIM"]
[BlackTitle "IM"]
[WhiteElo "2089"]
[BlackElo "2351"]
[WhiteFideId "4403070"]
[BlackFideId "5016193"]
[EventDate "2021.05.28"]

1. e4 c5 2. Nf3 Nc6 3. d4 cxd4 4. Nxd4 Nf6 5. Nc3 d6 6. g3 e5 7. Nde2 h5 8. h3
Be6 9. Bg2 Qd7 10. Bg5 Be7 11. Qd2 Na5 12. b3 Rc8 13. Bxf6 Bxf6 14. Nd5 Bxd5 15.
exd5 b6 16. O-O Nb7 17. Kh2 Qf5 18. c4 O-O 19. h4 Qg6 20. Nc3 Be7 21. Rae1 f5
22. Nb5 a6 23. Nd4 Bxh4 24. Ne6 Bf6 25. Nxf8 Rxf8 26. Bh3 h4 27. Rg1 hxg3+ 28.
Rxg3 Qh7 29. Kg2 Nc5 30. f3 f4 31. Rg4 Nd3 32. Rh1 1-0

[Event "Women's Speed Chess Q1"]
[Site "chess.com INT"]
[Date "2021.05.28"]
[Round "9"]
[White "Sukandar, Irine Kharisma"]
[Black "Pandey, Srishti"]
[Result "0-1"]
[WhiteTitle "IM"]
[BlackTitle "WFM"]
[WhiteElo "2413"]
[BlackElo "2026"]
[WhiteFideId "7101937"]
[BlackFideId "35093290"]
[EventDate "2021.05.28"]

1. d4 Nf6 2. Bf4 e6 3. e3 d5 4. Nf3 Bd6 5. Ne5 c5 6. c3 O-O 7. Nd2 b6 8. Bd3 Bb7
9. Qb1 Nc6 10. O-O h6 11. h3 Qc7 12. Ndf3 Ne4 13. Re1 f5 14. Bb5 Nxe5 15. Bxe5
Bxe5 16. Nxe5 c4 17. Ba4 a6 18. Bc2 b5 19. Bxe4 dxe4 20. a4 Bd5 21. axb5 axb5
22. Qc2 Qb7 23. Qe2 Ra7 24. Qh5 Rfa8 25. Rxa7 Qxa7 26. Qg6 Qb7 27. Rb1 Qe7 28.
Qg3 b4 29. Ng6 Qb7 30. cxb4 Qxb4 31. Qc7 Qb8 32. Ne7+ Kh7 33. Nxd5 exd5 34. Qd7
c3 35. Qxf5+ Kh8 36. Qxd5 cxb2 37. Qxe4 Ra1 38. g3 Qc8 39. Kg2 Rxb1 40. Qxb1 Qc1 0-1

[Event "Women's Speed Chess Q1"]
[Site "chess.com INT"]
[Date "2021.05.28"]
[Round "9"]
[White "Antova, Gabriela"]
[Black "Arpita, Mukherjee"]
[Result "0-1"]
[WhiteTitle "FM"]
[BlackTitle "WIM"]
[WhiteElo "2250"]
[BlackElo "2206"]
[WhiteFideId "2915235"]
[BlackFideId "5056403"]
[EventDate "2021.05.28"]

1. e4 c5 2. Nf3 d6 3. d4 cxd4 4. Nxd4 Nf6 5. Nc3 a6 6. Be3 e5 7. Nb3 Be7 8. f3
Be6 9. Qd2 h5 10. Nd5 Nxd5 11. exd5 Bf5 12. c4 Nd7 13. Na5 Qc7 14. Be2 Nc5 15.
b4 Nd7 16. Rc1 O-O 17. O-O b6 18. Nc6 Nb8 19. Nxe7+ Qxe7 20. Bxb6 Nd7 21. Be3
Rfc8 22. c5 dxc5 23. d6 Qf6 24. bxc5 Rc6 25. Bc4 Be6 26. Bd5 Bxd5 27. Qxd5 Rac8
28. Rc4 h4 29. Rb1 h3 30. Rb7 Qf5 31. f4 hxg2 32. fxe5 Qf1# 0-1

[Event "Women's Speed Chess Q1"]
[Site "chess.com INT"]
[Date "2021.05.28"]
[Round "9"]
[White "Belenkaya, Dina"]
[Black "Nomin-Erdene, Davaademberel"]
[Result "0-1"]
[WhiteTitle "WGM"]
[BlackTitle "IM"]
[WhiteElo "2304"]
[BlackElo "2382"]
[WhiteFideId "24142654"]
[BlackFideId "4900782"]
[EventDate "2021.05.28"]

1. e4 c6 2. d4 d5 3. Nc3 dxe4 4. Nxe4 Bf5 5. Ng3 Bg6 6. h4 h6 7. Nf3 Nd7 8. h5
Bh7 9. Bd3 Bxd3 10. Qxd3 e6 11. Bd2 Ngf6 12. O-O-O Be7 13. Kb1 O-O 14. Ne4 c5
15. g4 Nxg4 16. Qe2 Qb6 17. Rhg1 f5 18. dxc5 Nxc5 19. Nc3 Bf6 20. Rg2 Ne4 21.
Ka1 Nxc3 22. Bxc3 Bxc3 23. bxc3 Rad8 24. Rd3 Qc6 25. Ne1 Rxd3 26. Qxd3 Qc7 27.
Rg3 Rd8 28. Qe2 Nxf2 29. Qxe6+ Kh8 30. Rg6 Qxc3+ 31. Kb1 Rd1# 0-1

[Event "Women's Speed Chess Q1"]
[Site "chess.com INT"]
[Date "2021.05.28"]
[Round "9"]
[White "Hoshino, Meilin"]
[Black "Vine, Elzbieta"]
[Result "1-0"]
[WhiteTitle "WCM"]
[BlackTitle "WFM"]
[WhiteElo "1591"]
[BlackElo "2138"]
[WhiteFideId "7001690"]
[BlackFideId "1119320"]
[EventDate "2021.05.28"]

1. d4 d5 2. c4 c6 3. e3 Nf6 4. Nc3 Qc7 5. Nf3 Bg4 6. Bd3 Nbd7 7. h3 Bh5 8. O-O
e6 9. e4 dxe4 10. Nxe4 Nxe4 11. Bxe4 Nf6 12. Bc2 Bd6 13. Bg5 h6 14. Bxf6 gxf6
15. Re1 O-O-O 16. Qd3 Rhg8 17. Nh4 Rg7 18. Qe2 Bxe2 19. Rxe2 Rdg8 20. Be4 f5 21.
Bf3 Be7 22. Nxf5 exf5 23. Rae1 Bf6 24. d5 cxd5 25. Bxd5 1-0